| 000 | 00982nam a22002657a 4500 | ||
|---|---|---|---|
| 005 | 20240530110525.0 | ||
| 008 | 160302s2013 ua g b 000 0 ara d | ||
| 017 |
_a2012/23116 _bمصر . دار الكتب المصرية |
||
| 020 | _a9789774312569 | ||
| 040 | _aEG-CaGPL | ||
| 082 | 0 | 4 |
_221 _a658.3\ _bع م |
| 100 | 0 | _aعاطف عبدالله المكاوى | |
| 245 | 1 | 2 |
_aالموظف الادارى / _cتاليف عاطف عبدالله المكاوى |
| 250 | _aط1 | ||
| 260 |
_aالقاهرة : _bمؤسسة طيبة للنشر و التوزيع ، _c2013 . |
||
| 300 |
_a192 ص ؛ _c24 سم . |
||
| 504 | _aيشتمل على ارجاعات ببليوجرافية | ||
| 650 | 0 | 4 | _aادارة الاعمال |
| 650 | 0 | 4 | _aادارة الافراد |
| 650 | 0 | 4 | _aالقرارات الادارية |
| 650 | 0 | 4 | _aالكفاءة الانتاجية |
| 650 | 0 | 4 | _aالرقابة الادارية |
| 942 |
_2ddc _cBK |
||
| 999 |
_c61982 _d61982 |
||